प्यास ही प्यास : (Record no. 112250)

MARC details
000 -LEADER
fixed length control field 00995nam a22002537a 4500
005 - DATE AND TIME OF LATEST TRANSACTION
control field 20170124102936.0
010 ## - LIBRARY OF CONGRESS CONTROL NUMBER
LC control number A-929219
020 ## - INTERNATIONAL STANDARD BOOK NUMBER
Terms of availability 60.00
035 ## - SYSTEM CONTROL NUMBER
System control number A-929219
037 ## - SOURCE OF ACQUISITION
Source of stock number/acquisition Cen Lib/Ret
040 ## - CATALOGING SOURCE
Original cataloging agency DPL
Language of cataloging HN
082 ## - DEWEY DECIMAL CLASSIFICATION NUMBER
Classification number 827
Item number विप्रम
100 ## - MAIN ENTRY--PERSONAL NAME
Personal name विप्रम
9 (RLIN) 500
245 ## - TITLE STATEMENT
Title प्यास ही प्यास :
Statement of responsibility, etc विप्रम
246 ## - VARYING FORM OF TITLE
Title proper/short title Pyas hi pyas /
Remainder of title by Vipram
260 ## - PUBLICATION, DISTRIBUTION, ETC. (IMPRINT)
Place of publication, distribution, etc दिल्ली
Name of publisher, distributor, etc कवी सभा दिल्ली
Date of publication, distribution, etc 1995
270 ## - ADDRESS
Address 30/106, गली नंबर 7, विशवास नगर, शाहदरा
City दिल्ली
Postal code 110032
300 ## - PHYSICAL DESCRIPTION
Extent 88पृ.
Dimensions 18सेमी (सजिल्द)
650 ## - SUBJECT ADDED ENTRY--TOPICAL TERM
Topical term or geographic name as entry element हिंदी साहित्य
9 (RLIN) 113324
650 ## - SUBJECT ADDED ENTRY--TOPICAL TERM
Topical term or geographic name as entry element हिंदी साहित्य --कहानिया
9 (RLIN) 1009
650 ## - SUBJECT ADDED ENTRY--TOPICAL TERM
Topical term or geographic name as entry element Hindi literature
9 (RLIN) 113325
650 ## - SUBJECT ADDED ENTRY--TOPICAL TERM
Topical term or geographic name as entry element Hindi literature--Stories
9 (RLIN) 113326
942 ## - ADDED ENTRY ELEMENTS (KOHA)
Source of classification or shelving scheme Dewey Decimal Classification
Koha item type Hindi Books
Classification part 827
Call number suffix विप्रम
Holdings
Withdrawn status Lost status Damaged status Not for loan Home library Current library Date acquired Source of acquisition Cost, normal purchase price Total Checkouts Full call number Barcode Date last seen Copy number Cost, replacement price Price effective from Koha item type
        Central Library Central Library 07/08/2015 Cen Lib/Ret 60.00   827 विप्रम A-929219 07/08/2015 1 60.00 15/09/2016 Hindi Books

© Delhi Public Library
Hit Counter
free hit counter